000 00427nam a22001817a 4500
003 MPLRDC
005 20220104124155.0
008 210129b ||||| |||| 00| 0 eng d
082 _a805.18 DXYY v.1
100 _a陈平译注
245 _a英语幽默文集
_c
250 _a初版
260 _a
_b大夏出版社
_c1986
300 _b
490 _a大夏英语丛书;1
650 _a
942 _cBK
_o805.18 DXYY v.1
999 _c17220
_d17210